| 000 | 00370nam a2200157Ia 4500 | ||
|---|---|---|---|
| 005 | 20250423101141.0 | ||
| 008 | 250422s9999 xx 000 0 und d | ||
| 020 | _a0395329434 | ||
| 050 | _aPE 1628 .A44/ | ||
| 245 | 4 | _aThe American Heritage dictionary | |
| 260 | _aBoston | ||
| 260 | _bHoughton Mifflin company | ||
| 260 | _c1982 | ||
| 300 | _a1568 p | ||
| 942 | _cBK | ||
| 999 |
_c35442 _d35442 |
||